| 000 | 00962cam a2200241 4500 | ||
|---|---|---|---|
| 008 | 010921n2001 000 0 eng u | ||
| 020 | _a0750609133 | ||
| 035 | _a(Sirsi) u114695 | ||
| 041 | _aeng | ||
| 050 | _a691 | ||
| 100 | _aStacey, M. | ||
| 245 | _aComponent design | ||
| 260 |
_bButterworth-Heinemann _c2001 |
||
| 300 |
_a208p. _bill. _c25cm. |
||
| 350 | _a30.00 | ||
| 520 | _aAims to stimulate understanding of the potential of building materials and manufacturing processes. Explores the history of technological development, describes manufacturing processes, discusses materials and outlines specific design constraints. Includes contemporary examples of component design in building construction. | ||
| 650 | _aBUILDING COMPONENTS | ||
| 650 | _aBUILT ENVIRONMENT-BUILDING MATERIALS | ||
| 650 | _aBUILT ENVIRONMENT-CONSTRUCTION DESIGN | ||
| 650 | _aDESIGN CONSTRAINTS | ||
| 690 | _aBUILT ENVIRONMENT-BUILDING MATERIALS | ||
| 942 | _n0 | ||
| 999 |
_c101635 _d101635 |
||